Porovnanie exekučnej efektívnosti vyhľadávania výskytov podreťazca vo veľkom reťazci vlastnou funkciou a knižničnou funkciou strncmp v programe vytvorenom v jazyku C bakalárska práca

Gespeichert in:
Bibliographische Detailangaben
1. Verfasser: Morvay, Filip
Körperschaft: Fakulta hospodárskej informatiky EU. Katedra aplikovanej informatiky
Weitere Verfasser: Košťál, Igor, 1962-
Format: Buch
Sprache:Slowakisch
Veröffentlicht: Bratislava 2020
Tags: Tag hinzufügen
Keine Tags, Fügen Sie das erste Tag hinzu!

MARC

LEADER 00000nbm a2200000 4500
001 0264695
005 20210510105843.1
041 0 |a slo 
044 |a SK 
245 1 0 |a Porovnanie exekučnej efektívnosti vyhľadávania výskytov podreťazca vo veľkom reťazci vlastnou funkciou a knižničnou funkciou strncmp v programe vytvorenom v jazyku C  |b bakalárska práca  |c Filip Morvay ; školiteľ: Igor Košťál 
264 1 |a Bratislava  |c 2020 
300 |a 44 s. 
100 1 |a Morvay, Filip 
700 1 |a Košťál, Igor, 1962- 
710 2 |a Fakulta hospodárskej informatiky EU. Katedra aplikovanej informatiky